01186nam a2200193Ia 4500001001000000003001000010008004100020040002500061041001200086100002200098245010300120250001100223260009200234300002800326500025000354501011400604520025000718650002400968L230-5613IT-CnALBA170116s9999||||xx |||||||||||||| ||und|| aIT-CnALBAcIT-CnALBA aLATINO  aDIEKAMP FRANCESCO 0aTHEOLOGIAE DOGMATICAE MANUALE. VOL. I. INTRODUCTIO IN THEOLOGIAM DOGMATICAM. DE DEO UNO ET TRINO.  a1a ed. a ROMA PARIS TOURNAIbDESCLEE & C. EDIT. c1932 [1° Ed.:1932 - Ed.Ling.Originale: 1932] a412 p. (prefazione: 58) aCURATORE ADOLFO HOFFMANN. NOZIONE DI TEOLOGIA. OGGETTO DELLA TEOLOGIA DOMMATICA. FONTI. STORIA DEI DOGMI. CONOSCENZA DI DIO. ESSENZA DI DIO. ATTRIBUTI DI DIO. AZIONE DI DIO TRINITÀ DI DIO. PROCESSIONI E RELAZIONE TRINITARIE. INDICE ANALITICO.  aSocietà San Paolo EM - Piazza San Paolo, 14 - 12051 ALBA (CN) (non commercial uses only) ® Copyright 2017 aCURATORE ADOLFO HOFFMANN. NOZIONE DI TEOLOGIA. OGGETTO DELLA TEOLOGIA DOMMATICA. FONTI. STORIA DEI DOGMI. CONOSCENZA DI DIO. ESSENZA DI DIO. ATTRIBUTI DI DIO. AZIONE DI DIO TRINITÀ DI DIO. PROCESSIONI E RELAZIONE TRINITARIE. INDICE ANALITICO.  aDOGMATICA CRISTIANA